عرض عادي
عرض مارك
- Dusenbery, David B.
مدخل إسم شخص
001 - رقم الضبط
- حقل الضبط: 9843
003 - معرف رقم الضبط
- حقل الضبط: OSt
005 - تاريخ ووقت أخر عملية
- حقل الضبط: 20120310031301.0
008 - عناصر بيانات ثابتة الطول
- حقل تحكم ثابت الطول: 120310|||a|||||| | ||| d
040 ## - مصدر الفهرسة
- هيئة الفهرسة الأصلية: OSt
- وكالة الكتابة: OSt
100 ## - مدخل -- أسم شخص
- إسم شخص: Dusenbery, David B.
670 ## - بيانات المصدر موجوده
- الاستشهاد بالمصدر: Work cat.: (OSt)0: Dusenbery, David B., Living at micro scale :, 2009.
